[Event "Gaprindashvili Cup 2014"]
[Site "Tbilisi GEO"]
[Date "2014.09.17"]
[Round "9.7"]
[White "Arabidze, Meri"]
[Black "Khurtsidze, Nino"]
[Result "1/2-1/2"]
[WhiteTitle "IM"]
[BlackTitle "IM"]
[WhiteElo "2411"]
[BlackElo "2467"]
[WhiteFideId "13604040"]
[BlackFideId "13600320"]
[EventDate "2014.09.09"]

1. d4 Nf6 2. c4 e6 3. Nc3 d5 4. cxd5 exd5 5. Bg5 Nbd7 6. e3 Be7 7. Bd3 O-O 8.
Qc2 h6 9. Bf4 c5 10. Nge2 c4 11. Bf5 Nb8 12. Bxc8 Qxc8 13. O-O Nc6 14. a3 Qe6
15. Bg3 a6 16. b3 b5 17. bxc4 bxc4 18. Qa4 Bd8 19. Rab1 Ba5 20. Rb7 Rac8 21. Qc2
Bxc3 22. Nxc3 Na5 23. Rbb1 Nb3 24. Rbd1 Rfe8 25. Rfe1 Ne4 26. f3 Nxc3 27. Qxc3
Qg6 28. e4 dxe4 29. d5 Nc5 30. d6 Nd7 31. fxe4 Rxe4 32. Rxe4 Qxe4 33. h3 Qg6 34.
Kh2 Qh5 35. Re1 Qd5 36. Re7 Nf6 37. Rc7 Qe6 38. d7 Rd8 39. Qxc4 Qxc4 40. Rxc4
Rxd7 41. Rc8+ Kh7 42. Ra8 Ne4 43. Rxa6 Rd3 44. Bf4 g5 45. Be5 Rd5 46. Bc7 Rc5
47. Bd6 Rc2 48. Bf8 h5 49. h4 g4 50. Bd6 Nd2 51. Kg1 Nb3 52. Be5 Nc1 53. g3 Nd3
54. Bb8 Rb2 55. Bc7 Rc2 56. Bb8 Rb2 57. Bc7 Rc2 58. Bb8 1/2-1/2